| 000 | 01554nam0a2200349 i 4500 | ||
|---|---|---|---|
| 001 | RU\NLR\BIBL_A\010766274 | ||
| 005 | 20241102104830.0 | ||
| 010 |
_a9785914311138 _9300 |
||
| 021 |
_aRU _b2015-27469 _91620 |
||
| 035 | _a(NILC)RuMoRGB-007908769 | ||
| 035 | _a(NLR Aleph) 010766274 | ||
| 090 |
_a10002424 _c10002424 |
||
| 100 | _a20150526d2014 k y0rusy50 ca | ||
| 101 | 0 |
_arus _akum |
|
| 102 | _aRU | ||
| 105 | _ay z 000yy | ||
| 200 | 1 |
_aСовременный кумыкский язык _eмонография _fА. З. Абдуллаева, Н. Э. Гаджиахмедов, К. Д. Каджираджиев [и др.] _gРос. акад. наук, Дагестанский научный центр, Ин-т языка, лит. и искусства им. Г. Цадасы |
|
| 205 | _a(Изд. 2-е, доп.) | ||
| 210 |
_aМахачкала _cИЯЛИ ДНЦ РАН _d2014 |
||
| 215 |
_a548 с. _d20 |
||
| 300 | _aЧасть текста на кумык. яз. | ||
| 320 | _aБиблиогр.: с. 537-538 | ||
| 606 |
_aКумыкский язык _91412056 _3RU\NLR\AUTH\66595056 |
||
| 686 | 1 | _aШ163.26 | |
| 701 | 1 |
_aАбдуллаева _bА. З. _gАйшат Заирхановна |
|
| 701 | 1 |
_7ca _8rus _aГаджиахмедов _bН. Э. _f1953- _gНурмагомед Эльдерханович _9201788 _3RU\NLR\AUTH\770201839 |
|
| 701 | 1 |
_aКадыраджиев _bК. С. _gКалсын Салахович |
|
| 801 | 0 |
_aRU _bРГБ _c20150409 _gRCR |
|
| 942 | _cBOOK | ||
| 980 | _aNBR | ||